000 00644nam a2200277Ia 4500
005 20260324113402.0
008 008 260324s9999 xx 000 0 eng d
020 _a9781003402169
037 _aEBOOK
040 _aCRL
040 _beng
040 _cCRL
041 _2eng
041 _aeng
084 _qCRL
100 _aJohn R. Gallagher
_91146561
245 0 _aCase Study Research in the Digital Age
260 _bTaylor and Francis
260 _c2024
365 _a
365 _b230
856 _uhttp://www.taylorfrancis.com/books/9781003402169
942 _cEBOOK
999 _c1736180
_d1736180